01670cam a2200445 i 450000100060000000300090000600500170001500800390003202000160007102000150008704000420010204100130014408000150015708000110017208000120018310000400019524501910023524600530042626000560047930000280053533600270056333700540059033800280064438000160067238800100068850000610069850400120075952100290077165000310080065000200083165000280085165500300087965800340090970000280094370000430097170000350101471000420104970000350109185600980112652838KOSZ 00520221230114401.0071216s2005 pl a f f |000 0 pol a8320815509  a8320815487 cKOSZ 005/HRaKOSZ 005/HRdKOSZ 005/HR1 apolheng a658.14/.17 a336.76 a(075.8)1 aBrigham, Eugene F.d(1930- )eAutor10aPodstawy zarządzania finansami.n2 /cEugene F. Brigham, Joel F. Houston ; red. nauk. przekł. Ryszard Kokoszczyński ; tł. Ryszard Kokoszczyński, Tomasz Pietrzak, Antoni Stolarek.1 iTyt. oryg.:aFundamentals of financia management aWarszawa :bPolskie Wydawnictwo Ekonomiczne,c2005. a419 s. :bil. ;c24 cm. 2rdacontentaTekstbtxt 2rdamediaaBez urządzenia pośredniczącegobn 2rdacarrieraWoluminbnc aKsiążki a2001- aTyt. oryg. : "Fundamentals of financia management" 2004. aIndeks.8 aPodręcznik akademicki. 4aFinanse przedsiębiorstwa 4aRynek finansowy 4aZarządzanie finansami 4aPodręczniki akademickie aGospodarka, ekonomia, finanse1 aHouston, Joel F.eAutor1 aKokoszczyński, RyszardeTłumaczenie1 aPietrzak, TomaszeTłumaczenie2 aPolskie Wydawnictwo Ekonomiczne4pbl.1 aStolarek, AntonieTłumaczenie uhttp://koha.tu.koszalin.pl/cgi-bin/koha/opac-detail.pl?biblionumber=52838yKatalog online BPK